00581caa a22001692a 4500001000900000003001100009008004300020092001700063100001700080245003100097300001400128500010600142546001300248942000900261999001700270773012400287 014995 AR-FADEU 311216n########xxu####################dd a813.01bM129 aUpdike, John aThe orphaned swimming pool aPP. 50-60 aEn: Twentieth century american short stories / Jean A. McConochie. New York : Collier Macmillan, 1968 aInglés cBDGR c20754d207540 020749920547aMcConochie, Jean A.bdNew Yorko0267tTwentieth century american short storiesw( AR-FADEU) 014990xz